|
|
|
|
| LEADER |
02147njm a2200469 a 4500 |
| 001 |
000830911 |
| 003 |
CZ BrMZK |
| 005 |
20070716090136.0 |
| 007 |
ss lsnjlcmpnze |
| 008 |
060907s2006 xr mu g cze d |
| 028 |
0 |
0 |
|a VM 0098-4
|b Vaško Music
|
| 040 |
|
|
|a BOA001
|b cze
|
| 047 |
|
|
|a df
|a wz
|
| 048 |
|
|
|a of01
|b vu
|
| 072 |
|
7 |
|a 784
|x Vokální hudba
|2 Konspekt
|9 9
|
| 080 |
|
|
|a 784.4
|2 MRF
|
| 080 |
|
|
|a 784.9.085.2
|2 MRF
|
| 080 |
|
|
|a (086.7)
|2 MRF
|
| 110 |
2 |
|
|a Jihočeští rodáci (hudební skupina)
|7 xx0063834
|
| 245 |
1 |
0 |
|a Páslo děvče
|h [zvukový záznam]
|
| 260 |
|
|
|a Praha :
|b Vaško Music,
|c c2006
|
| 300 |
|
|
|a 1 zvuková kazeta (47:12) :
|b analog, stereo, Dolby systém +
|e 1 leták (10 x 21 cm)
|
| 306 |
|
|
|a 004712
|
| 505 |
0 |
0 |
|t Kvítí svatební --
|t Šumavské hory --
|t Starý mlýn --
|t V Římovské dolině --
|t Na hrázi --
|t Páslo děvče --
|t Pozdav z Lipna --
|t Ať Samson žárlí --
|t Můj koníček --
|t Už se nenahání --
|t K háji cestička --
|t Vzpomínka na vojnu --
|t Dulidaj --
|t Když sedláček --
|t Stříbrné trumpety --
|t Švanda dudák
|
| 511 |
1 |
|
|a Zpívají: Anička Čížková, Ivanka Tučková, Jan Dvořák. Hrají Jihočeští Rodáci, kapelník Vojtěch Veselý
|
| 518 |
|
|
|a Nahráno v hudebním studiu Trhové Sviny
|
| 530 |
|
|
|a Vydáno také na kompaktní desce ;
|d VM 0098-2
|
| 650 |
0 |
7 |
|a polky (zpěv, dechový orchestr)
|7 ph321605
|2 czenas
|
| 650 |
0 |
7 |
|a valčíky (zpěv, dechový orchestr)
|7 ph321673
|2 czenas
|
| 655 |
|
7 |
|a zvukové kazety
|7 fd186720
|2 czenas
|
| 700 |
1 |
|
|a Tkačuk, Sláva
|7 ola2008474825
|4 cmp
|
| 700 |
1 |
|
|a Sýkora, Vilda,
|d 1903-1974
|7 jk01122217
|4 lyr
|
| 700 |
1 |
|
|a Doško, Ada,
|d 1937-1999
|7 xx0006100
|4 cmp
|4 lyr
|
| 700 |
1 |
|
|a Béreš, Viliam,
|d 1960-
|7 jn19990209051
|4 cmp
|
| 700 |
1 |
|
|a Bárta, Miloš
|7 ola2002158823
|4 lyr
|
| 700 |
1 |
|
|a Vokál, Václav
|7 ola2005262973
|4 cmp
|
| 700 |
1 |
|
|a Lipold, Jan,
|d 1941-
|7 mzk2007411261
|4 cmp
|
| 700 |
1 |
|
|a Nýdl, Jan František,
|d -1989
|7 ola2002158812
|4 cmp
|
| 910 |
|
|
|a BOA001
|b KZ-0013.508
|
| 990 |
|
|
|a AV
|
| 991 |
|
|
|b 200611
|
| 996 |
6 |
|
|b 261H014904
|c KZ-0013.508
|l MZK
|r Sklad / do 24 hodin
|n 0
|w 000830911
|u 000010
|a 1
|e BOA001
|j MZK50
|s P
|